Statistics for Countries from where Covid-19 has come to New Zealand

Click here to take the quiz!

General Stats

  • This quiz has been taken 32 times
  • The average score is 8 of 10

Answer Stats

casescountry% Correct
35Australia
100%
197United States
100%
289United Kingdom
97%
25France
90%
171India
84%
23Canada
81%
51Russia
74%
25Philippines
52%
24South Africa
48%
31Pakistan
29%

Score Distribution

Percentile by Number Answered

Percent of People with Each Score

Your Score History

You have not taken this quiz